Discographie - PNL - Statistiques

Statistiques générales
  • Ce quiz a été pris 627 fois
  • Le résultat moyen est 49 sur 73
Statistiques - réponses
Hint Réponse % Correct
12 Le M
98%
1 DA
91%
1 Au DD
86%
8 Deux frères
85%
2023 Gaza
81%
1 Le monde ou rien
80%
15 Onizuka
80%
2 Naha
79%
13 Bené
78%
2019 Tahia
78%
3 Dans la légende
77%
5 J'suis QLF
77%
2015 Lion
77%
6 PNL
76%
6 A l'ammoniaque
75%
16 Jusqu'au dernier gramme
75%
5 91's
73%
3 Chang
73%
4 Blanka
72%
1 Je vis je visser
72%
7 Mexico
72%
14 Uranus
72%
6 J'suis PNL
71%
7 J'comprends pas
70%
16 La misère est si belle
70%
12 Simba
70%
15 Déconnecté
69%
2019 MOWGLI II
69%
8 Luz de Luna
68%
17 Ryuk
68%
7 Kratos
67%
2 Lala
67%
14 Zoulou tchaing
67%
18 Je t'haine
66%
3 Oh lala
66%
21 Capuche
65%
16 Tempête
65%
8 Porte de Mesrine
64%
11 Shenmue
64%
2 Sur Paname
64%
2 Autre monde
63%
12 Bambina
63%
20 Bang
63%
10 Cœurs
63%
9 Hasta la vista
63%
15 Que la mif
63%
22 Frontières
62%
13 Menace
62%
4 Mira
62%
13 Rebenga
62%
18 Comme pas deux
61%
17 Cramés
61%
17 Dans la soucoupe
61%
8 Gala gala
61%
19 Sibérie
61%
10 Athéna
60%
9 Dans ta rue
60%
11 Humain
60%
7 Celsius
59%
12 Kuta ubud
59%
5 Abonné
58%
3 Différents
58%
4 J'vends
58%
14 Plus Tony que Sosa
58%
5 De la fenêtre au ter ter
57%
6 La vie est belle
57%
10 Sheita
55%
9 Tu sais pas
55%
9 La petite voix
53%
4 Obligés de prendre
51%
11 Recherche du bonheur
51%
10 Laisse
49%
11 Loin des hommes
40%
Aucun quiz correspondant
Distribution des résultats
% des personnes avec chaque résultat
Percentile par nombre de réponses
Votre historique - résultats
Vous n’avez pas pris ce quiz